000 00289nam a22001337a 4500
003 SGT
020 _a0-74811-0567-4
082 _a614.1
_bROB
100 _aROBERTSON, JAMES
245 _aFORENSIC EXAMINATION OF HAIR
260 _aLONDON
_bCRC
_c1999
300 _a267
942 _2ddc
_cBK
999 _c22409
_d22409